Historia Gentis Slavae (Record no. 22649)
[ view plain ]
| 000 -LEADER | |
|---|---|
| fixed length control field | 01678nam a22004813 4500 |
| 001 - CONTROL NUMBER | |
| control field | 22649 |
| 003 - CONTROL NUMBER IDENTIFIER | |
| control field | SK-KTurca |
| 005 - DATE AND TIME OF LATEST TRANSACTION | |
| control field | 20260410182613.0 |
| 008 - FIXED-LENGTH DATA ELEMENTS--GENERAL INFORMATION | |
| fixed length control field | 190301s2018 xo h g n 000 0dlat d |
| 020 ## - INTERNATIONAL STANDARD BOOK NUMBER | |
| International Standard Book Number | 9788080468989 |
| Qualifying information | (viazané) |
| 035 ## - SYSTEM CONTROL NUMBER | |
| System control number | a000632100 |
| 040 ## - CATALOGING SOURCE | |
| Original cataloging agency | UKB |
| Language of cataloging | slo |
| Modifying agency | UKB |
| Description conventions | rda |
| 041 1# - LANGUAGE CODE | |
| Language code of text/sound track or separate title | lat |
| -- | slo |
| Language code of original | lat |
| 043 ## - GEOGRAPHIC AREA CODE | |
| Geographic area code | e-xo--- |
| 044 ## - COUNTRY OF PUBLISHING/PRODUCING ENTITY CODE | |
| MARC country code | xo |
| ISO country code | SK |
| 072 #7 - SUBJECT CATEGORY CODE | |
| Subject category code | 94(437) |
| Subject category code subdivision | Dejiny Česka a Slovenska |
| Source | konspekt |
| 080 ## - UNIVERSAL DECIMAL CLASSIFICATION NUMBER | |
| Universal Decimal Classification number | 94(=162.4) |
| Edition identifier | 2004 |
| 080 ## - UNIVERSAL DECIMAL CLASSIFICATION NUMBER | |
| Universal Decimal Classification number | 94(437.6) |
| Edition identifier | 2004 |
| 080 ## - UNIVERSAL DECIMAL CLASSIFICATION NUMBER | |
| Universal Decimal Classification number | (049) |
| Edition identifier | 2004 |
| 080 ## - UNIVERSAL DECIMAL CLASSIFICATION NUMBER | |
| Universal Decimal Classification number | (0.045) |
| Edition identifier | 2004 |
| 100 1# - MAIN ENTRY--PERSONAL NAME | |
| Personal name | Papánek, Juraj, |
| Dates associated with a name | 1738-1802 |
| Relationship | aut |
| 245 10 - TITLE STATEMENT | |
| Title | Historia Gentis Slavae |
| Remainder of title | Prvé dejiny Slovenského národa |
| Statement of responsibility, etc. | Juraj Papánek ; z latinského originálu preložila Katarína Karabová ; editorky: Magdaléna Gocníková, Katarína Karabová ; odborná štúdia: Ivan Mrva |
| 246 31 - VARYING FORM OF TITLE | |
| Title proper/short title | Prvé dejiny Slovenského národa |
| 250 ## - EDITION STATEMENT | |
| Edition statement | Prvé vydanie |
| 264 #1 - PRODUCTION, PUBLICATION, DISTRIBUTION, MANUFACTURE, AND COPYRIGHT NOTICE | |
| Place of production, publication, distribution, manufacture | Bratislava |
| Name of producer, publisher, distributor, manufacturer | Perfekt |
| Date of production, publication, distribution, manufacture, or copyright notice | 2018 |
| 300 ## - PHYSICAL DESCRIPTION | |
| Extent | 597 strán |
| Other physical details | faksimile |
| 336 ## - CONTENT TYPE | |
| Content type term | text |
| Content type code | txt |
| Source | rdacontent |
| 337 ## - MEDIA TYPE | |
| Media type term | bez média |
| Media type code | n |
| Source | rdamedia |
| 338 ## - CARRIER TYPE | |
| Carrier type term | zväzok |
| Carrier type code | nc |
| Source | rdacarrier |
| 500 ## - GENERAL NOTE | |
| General note | Faksimile pôvodného vydania, 1780<br/> |
| 504 ## - BIBLIOGRAPHY, ETC. NOTE | |
| Bibliography, etc. note | Obsahuje bibliografiu ; bibliografické odkazy |
| 546 ## - LANGUAGE NOTE | |
| Language note | Súbežný názov a text v latinčine a slovenčine |
| 650 07 - SUBJECT ADDED ENTRY--TOPICAL TERM | |
| Topical term or geographic name entry element | Slováci |
| General subdivision | dejiny |
| Source of heading or term | UKBPH |
| 651 #7 - SUBJECT ADDED ENTRY--GEOGRAPHIC NAME | |
| Geographic name | Slovensko |
| General subdivision | dejiny |
| Source of heading or term | UKBPH |
| 655 #7 - INDEX TERM--GENRE/FORM | |
| Genre/form data or focus term | pojednania |
| Source of term | UKBPH |
| 655 #7 - INDEX TERM--GENRE/FORM | |
| Genre/form data or focus term | reprinty |
| Source of term | UKBPH |
| 700 1# - ADDED ENTRY--PERSONAL NAME | |
| Personal name | Karabová, Katarína |
| Relationship | trl |
| -- | edt |
| 700 1# - ADDED ENTRY--PERSONAL NAME | |
| Personal name | Gocníková, Magdaléna |
| Relationship | edt |
| 700 1# - ADDED ENTRY--PERSONAL NAME | |
| Personal name | Mrva, Ivan, |
| Dates associated with a name | 1954- |
| Relationship | aft |
| 982 ## - EQUIVALENCE OR CROSS-REFERENCE-SERIES STATEMENT--CONFERENCE OR MEETING NAME/TITLE [LOCAL, CANADA] | |
| Meeting name or jurisdiction name as entry element | OL |
| 942 ## - ADDED ENTRY ELEMENTS (KOHA) | |
| Source of classification or shelving scheme | Dewey Decimal Classification |
| Koha item type | Odborná literatúra pre dospelých |
| Suppress in OPAC | No |
| 980 ## - EQUIVALENCE OR CROSS-REFERENCE-SERIES STATEMENT--PERSONAL NAME/TITLE [LOCAL, CANADA] | |
| Personal name | Perfekt, a.s., Cukrová 14, 811 08 Bratislava |
| Stav vyradenia | Strata | Poškodenie | Spôsob nadobudnutia | Domovská knižnica | Aktuálna knižnica | Dátum nadobudnutia | Total checkouts | Čiarový kód exemplára | Date last seen | Typ exemplára |
|---|---|---|---|---|---|---|---|---|---|---|
| Kúpa | Obecná knižnica Diaková | Obecná knižnica Diaková | 10.04.2026 | 4734501537 | 10.04.2026 | Odborná literatúra pre dospelých |
